zpět

Detail výsledku týmu

ZÓNA 59, Brno

Datum a čas kvízu

20 Celkem bodů Celkový počet nahraných bodů na tomto kvízu bez doplňovacích otázek.
6. Pořadí na kvízu Konečné umístění týmu na tomto kvízu.

Zaznamenané odpovědi

# Otázka Odpověď Body Výsledky
1. Do pražských ulic vyjela tramv... 1
2. Minulé úterý oznámila média sm... 1
3. Z obrazovek Primy zmizí dva os... 1
4. Firma Coca-Cola uvedla na japo... 0.5
5. Konec kariéry ohlásil minulý t... 0
6. Toto téma je dalším, které jst... 0
7. Napište název básně ze sbírky... 0
5. Doplňte zcela přesně jméno z t... 0
5. Jak se jmenoval levicový uměle... 0
10. Ve šlépějích známého českého s... 0